Tribhuvan University Central Library

Readings in second language acqui (Record no. 59866)

MARC details
000 -LEADER
fixed length control field 00511 a2200205 4500
020 ## - INTERNATIONAL STANDARD BOOK NUMBER
International Standard Book Number 9937-549-03-5
041 ## - LANGUAGE CODE
Language code of text/sound track or separate title Eng
082 ## - DEWEY DECIMAL CLASSIFICATION NUMBER
Classification number 420
Item number Sh23r
100 ## - MAIN ENTRY--PERSONAL NAME
Personal name Sharma, Bikash
9 (RLIN) 13709
245 ## - TITLE STATEMENT
Title Readings in second language acqui
260 ## - PUBLICATION, DISTRIBUTION, ETC.
Place of publication, distribution, etc. Kathmandu
Name of publisher, distributor, etc. Sunlight Pub.
Date of publication, distribution, etc. 2010
300 ## - PHYSICAL DESCRIPTION
Extent x, 197p.
504 ## - BIBLIOGRAPHY, ETC. NOTE
Bibliography, etc. note Bibliography: p.194-195
650 ## - SUBJECT ADDED ENTRY--TOPICAL TERM
Topical term or geographic name entry element Learning processes
9 (RLIN) 20813
650 ## - SUBJECT ADDED ENTRY--TOPICAL TERM
Topical term or geographic name entry element Acquisition
9 (RLIN) 990
653 ## - INDEX TERM--UNCONTROLLED
Uncontrolled term English Languages
942 ## - ADDED ENTRY ELEMENTS (KOHA)
Source of classification or shelving scheme Dewey Decimal Classification
Koha item type General Collections
518 ## - DATE/TIME AND PLACE OF AN EVENT NOTE
-- 2011-03-04
530 ## - ADDITIONAL PHYSICAL FORM AVAILABLE NOTE
-- M
Holdings
Withdrawn status Lost status Source of classification or shelving scheme Damaged status Not for loan Home library Current library Date acquired Total Checkouts Total Renewals Full call number Barcode Date last seen Date last checked out Price effective from Koha item type Shelving location
    Dewey Decimal Classification     Tribhuvan University Central Library Tribhuvan University Central Library 01/07/2014 17 12 420 Sh23r 138421 10/12/2023 07/30/2023 01/07/2014 General Collections  
    Dewey Decimal Classification     Tribhuvan University Central Library Tribhuvan University Central Library 01/07/2014 15 16 420 Sh23r 144959 10/21/2022 04/19/2019 01/07/2014 General Collections New Building
    Dewey Decimal Classification     Tribhuvan University Central Library Tribhuvan University Central Library 01/20/2014 17 21 420 Sh23r 144960 07/17/2024 06/20/2024 01/20/2014 General Collections New Building
    Dewey Decimal Classification     Tribhuvan University Central Library Tribhuvan University Central Library 03/03/2024 1 3 420 Sh23r 142247 08/01/2024 04/07/2024 03/03/2024 General Collections New Building